[Event "Online Olym Div2 B 2021"]
[Site "chess.com INT"]
[Date "2021.09.02"]
[Round "1.1"]
[Board "1"]
[White "Salih, Akar Ali Salih"]
[Black "Bogner, Sebastian"]
[Result "0-1"]
[WhiteTitle "FM"]
[BlackTitle "GM"]
[WhiteElo "2270"]
[BlackElo "2574"]
[WhiteTeam "Iraq"]
[BlackTeam "Switzerland"]
[WhiteFideId "4800575"]
[BlackFideId "4692055"]
[EventDate "2021.09.02"]
[EventType "team"]

1. e4 c5 2. Nf3 d6 3. d4 cxd4 4. Nxd4 Nf6 5. Nc3 a6 6. Be3 Ng4 7. Bc1 Nf6 8. Be3
e5 9. Nb3 Be6 10. h3 Nbd7 11. f4 exf4 12. Bxf4 Ne5 13. Qd2 Be7 14. O-O-O O-O 15.
g4 Rc8 16. Qg2 Nfd7 17. Kb1 Rxc3 18. bxc3 Qc7 19. Qd2 Nb6 20. Qd4 Rc8 21. Be2
Nbc4 22. Bxc4 Nxc4 23. g5 Na3+ 24. Kb2 Nb5 25. Qd3 Nxc3 26. Rd2 Na4+ 27. Kb1 Qc6
28. Bxd6 Bxg5 29. Rg2 Nc3+ 30. Kb2 Bf6 31. Rhg1 Nxe4+ 32. Kb1 Nxd6 33. Qe3 Nf5
34. Qf4 Qc3 35. Qc1 Bxb3 0-1

[Event "Online Olym Div2 B 2021"]
[Site "chess.com INT"]
[Date "2021.09.02"]
[Round "1.1"]
[Board "2"]
[White "Gaehwiler, Gabriel"]
[Black "Ahmed, Ali Layth Ahmed"]
[Result "1-0"]
[WhiteTitle "IM"]
[BlackTitle "FM"]
[WhiteElo "2402"]
[BlackElo "2253"]
[WhiteTeam "Switzerland"]
[BlackTeam "Iraq"]
[WhiteFideId "1314530"]
[BlackFideId "4801920"]
[EventDate "2021.09.02"]
[EventType "team"]

1. d4 Nf6 2. c4 e6 3. g3 Bb4+ 4. Bd2 a5 5. Bg2 d6 6. Nf3 Nbd7 7. O-O e5 8. Nc3
O-O 9. Qc2 Re8 10. d5 h6 11. Ne1 Nb6 12. b3 Bg4 13. e4 a4 14. Nd3 Bxc3 15. Bxc3
axb3 16. axb3 Nfd7 17. h3 Bh5 18. f4 Rxa1 19. Rxa1 exf4 20. gxf4 Bg6 21. Re1 Qh4
22. Qf2 Qxf2+ 23. Kxf2 Ra8 24. Ra1 Rxa1 25. Bxa1 f6 26. Ke3 Bh5 27. Kd2 Kf8 28.
e5 fxe5 29. fxe5 dxe5 30. Nxe5 Nc5 31. Kc2 g5 32. Bd4 Nbd7 33. b4 Nxe5 34. Bxe5
Bg6+ 35. Kd2 Ne4+ 36. Ke3 Nd6 37. c5 Nc4+ 38. Kd4 Nxe5 39. Kxe5 Bd3 40. Be4 Bxe4
41. Kxe4 1-0

[Event "Online Olym Div2 B 2021"]
[Site "chess.com INT"]
[Date "2021.09.02"]
[Round "1.1"]
[Board "3"]
[White "Al-Fayyadh, Zainab Asif Abdulah"]
[Black "Thode, Gilda"]
[Result "1-0"]
[WhiteElo "1658"]
[BlackElo "1986"]
[WhiteTeam "Iraq"]
[BlackTeam "Switzerland"]
[WhiteFideId "4806476"]
[BlackFideId "1323628"]
[EventDate "2021.09.02"]
[EventType "team"]

1. e4 e6 2. d4 d5 3. e5 c5 4. c3 Nc6 5. Nf3 Qb6 6. a3 cxd4 7. cxd4 Bd7 8. b4 Rc8
9. Bb2 Na5 10. Nbd2 Nc4 11. Nxc4 dxc4 12. Rc1 Qa6 13. d5 b5 14. d6 Qb7 15. Qd4
g6 16. Be2 Bg7 17. O-O Nh6 18. Ng5 Nf5 19. Qf4 O-O 20. Ne4 Bh6 21. Qf3 Bc6 22.
Nf6+ Kg7 23. Qh3 Bxg2 24. Qxg2 Qxg2+ 25. Kxg2 Bxc1 26. Rxc1 Rfd8 27. Ne8+ Kg8
28. Nc7 Nxd6 29. exd6 Rxd6 30. Nxb5 Rd2 31. Nxa7 Ra8 32. Bxc4 Rxb2 33. Nb5 Rd8
34. a4 Rdd2 35. Rf1 Rxb4 36. Rc1 Rxa4 37. Nc7 Rb4 38. Kg3 h5 39. Ne8 Kf8 40. Nf6
Kg7 41. Ne4 Rdb2 42. h4 f5 43. Ng5 e5 44. Bd5 Ra4 45. Rc7+ Kf8 46. Rf7+ Ke8 47.
Bc6+ Kd8 48. Bxa4 1-0

[Event "Online Olym Div2 B 2021"]
[Site "chess.com INT"]
[Date "2021.09.02"]
[Round "1.1"]
[Board "4"]
[White "Kurapova, Olga"]
[Black "Jalaluldeen, Kareen Kamal J."]
[Result "1/2-1/2"]
[BlackTitle "WFM"]
[WhiteElo "1900"]
[BlackElo "1780"]
[WhiteTeam "Switzerland"]
[BlackTeam "Iraq"]
[WhiteFideId "1332562"]
[BlackFideId "4801776"]
[EventDate "2021.09.02"]
[EventType "team"]

1. e4 e6 2. d4 d5 3. Nd2 c5 4. exd5 exd5 5. Ngf3 Nc6 6. Bb5 Bd6 7. dxc5 Bxc5 8.
O-O Ne7 9. Nb3 Bd6 10. Re1 O-O 11. Bg5 Bg4 12. h3 Bh5 13. c3 h6 14. Bh4 Ne5 15.
Be2 N5g6 16. g4 Nxh4 17. Nxh4 Bg6 18. Nxg6 Nxg6 19. Bf3 Nf4 20. Bg2 Qh4 21. Qf3
Rfe8 22. Nd4 g6 23. Nb5 Nxg2 24. Kxg2 Rxe1 25. Rxe1 Bc5 26. Nc7 Rd8 27. Re8+
Rxe8 28. Nxe8 d4 29. Nf6+ Kg7 30. Ne4 b6 31. Qf4 Qe7 32. cxd4 Bxd4 33. b3 Be5
34. Qe3 Qb7 35. f3 Qc7 36. Qd3 Qc1 37. Qd2 Qc7 38. Qe3 Qc2+ 39. Qd2 Qc7 40. Qe3
Qc2+ 41. Qd2 Qc7 1/2-1/2

[Event "Online Olym Div2 B 2021"]
[Site "chess.com INT"]
[Date "2021.09.02"]
[Round "1.1"]
[Board "5"]
[White "Rabeea, Sabah Nori"]
[Black "Stijve, Theo"]
[Result "0-1"]
[WhiteTitle "FM"]
[BlackTitle "FM"]
[WhiteElo "2022"]
[BlackElo "2291"]
[WhiteTeam "Iraq"]
[BlackTeam "Switzerland"]
[WhiteFideId "4806212"]
[BlackFideId "1331132"]
[EventDate "2021.09.02"]
[EventType "team"]

1. d4 Nf6 2. Nf3 d5 3. c4 e6 4. e3 Be7 5. Bd3 O-O 6. Nbd2 dxc4 7. Nxc4 a6 8. O-O
c5 9. b3 b5 10. Nce5 Bb7 11. Bb2 Nbd7 12. Nxd7 Nxd7 13. Rc1 cxd4 14. Bxd4 Bf6
15. Bxf6 Nxf6 16. Qe2 Nd5 17. Rfd1 Qf6 18. Be4 Nc3 19. Rxc3 Bxe4 20. Rdc1 Rad8
21. Nd4 e5 22. Nf3 h6 23. h3 Rd6 24. Rc5 Re8 25. Rc8 Red8 26. Rxd8+ Rxd8 27. Rc5
Qd6 28. b4 f6 0-1

[Event "Online Olym Div2 B 2021"]
[Site "chess.com INT"]
[Date "2021.09.02"]
[Round "1.1"]
[Board "6"]
[White "Pellicoro, Nathalie"]
[Black "Al-Fayyadh, Yamama Asif Abdula"]
[Result "1/2-1/2"]
[BlackTitle "WCM"]
[WhiteElo "1917"]
[BlackElo "1659"]
[WhiteTeam "Switzerland"]
[BlackTeam "Iraq"]
[WhiteFideId "1332350"]
[BlackFideId "4806700"]
[EventDate "2021.09.02"]
[EventType "team"]

1. e4 e5 2. Nf3 Nc6 3. Bc4 Bc5 4. d3 Nf6 5. c3 d6 6. b4 Bb6 7. Bg5 h6 8. Bh4 Be6
9. Nbd2 Qd7 10. Qb3 Nh5 11. a4 a5 12. O-O Nf4 13. Rfe1 O-O 14. Rad1 Bg4 15. Bg3
Nh5 16. b5 Ne7 17. d4 Nxg3 18. hxg3 exd4 19. cxd4 Ng6 20. Nf1 Be6 21. Ne3 Rfe8
22. d5 Bg4 23. Nxg4 Qxg4 24. Nh2 Qd7 25. Nf3 Ne5 26. Re2 Qg4 27. Nh2 Qd7 28.
Rde1 Re7 29. Kh1 Rae8 30. f4 Ng4 31. Qf3 Nxh2 32. Kxh2 Qd8 33. g4 Qd7 34. e5
dxe5 35. fxe5 Bd4 36. e6 fxe6 37. dxe6 Qd6+ 38. Kh1 Bf6 39. Qd3 Qxd3 40. Bxd3
Rd8 41. Bg6 Rd4 42. Re4 Rd6 43. Bf7+ Kh8 44. Rc1 c6 45. bxc6 bxc6 46. Rc5 Kh7
47. Rxa5 Rd1+ 48. Kh2 Bc3 49. Rc5 Bd4 50. Rxc6 Bg1+ 51. Kh1 Ba7+ 52. Kh2 Bb8+
53. g3 Rd2+ 54. Kh1 Rd1+ 55. Kg2 Rd2+ 56. Kf3 Rd3+ 57. Re3 Rxe3+ 58. Kxe3 Bxg3
59. a5 Bh2 60. a6 g6 61. Kf3 Bg1 62. Rd6 Kg7 63. Rd7 Kf6 64. Rxe7 Kxe7 65. Ke4
h5 66. gxh5 gxh5 67. Kf5 h4 68. Kg4 Bf2 69. Bg8 Kf8 70. Bf7 Ke7 71. Bg8 Kf8 72.
Bf7 Ke7 1/2-1/2

[Event "Online Olym Div2 B 2021"]
[Site "chess.com INT"]
[Date "2021.09.02"]
[Round "1.2"]
[Board "1"]
[White "Meshkovs, Nikita"]
[Black "Sirosh, Ilja"]
[Result "1-0"]
[WhiteTitle "GM"]
[BlackTitle "IM"]
[WhiteElo "2550"]
[BlackElo "2400"]
[WhiteTeam "Latvia"]
[BlackTeam "Estonia"]
[WhiteFideId "11602740"]
[BlackFideId "4500458"]
[EventDate "2021.09.02"]
[EventType "team"]

1. d4 Nf6 2. Nf3 g6 3. g3 Bg7 4. Bg2 d5 5. O-O O-O 6. c3 Re8 7. a4 a5 8. Bf4 Nh5
9. Bg5 c6 10. Qb3 Qd6 11. Re1 Nd7 12. e4 dxe4 13. Rxe4 h6 14. Bc1 e5 15. Na3
Nhf6 16. dxe5 Nc5 17. Qc2 Qd3 18. Qxd3 Nxd3 19. Re3 Nxc1 20. Rxc1 Ng4 21. Re2
Nxe5 22. Nxe5 Rxe5 23. Rxe5 Bxe5 24. Re1 Bc7 25. Re7 Bd6 26. Re8+ Kg7 27. Nc4
Bc5 28. b4 axb4 29. cxb4 Bxb4 30. Nb6 Ra6 31. Nxc8 Rxa4 32. Nb6 Ra1+ 33. Bf1 Bc5
34. Nd7 Bd4 35. Re4 c5 36. Kg2 Ra2 37. Re2 Ra1 38. Rc2 Ra5 39. Be2 f5 40. Bf3
Kf7 41. Nb6 Ke6 42. Bd5+ Kf6 43. Re2 Rb5 44. Nd7+ Kg7 45. Re7+ Kh8 46. Nf8 1-0

[Event "Online Olym Div2 B 2021"]
[Site "chess.com INT"]
[Date "2021.09.02"]
[Round "1.2"]
[Board "2"]
[White "Vorobjov, Pavel"]
[Black "Kantans, Toms"]
[Result "0-1"]
[BlackTitle "GM"]
[WhiteElo "2293"]
[BlackElo "2481"]
[WhiteTeam "Estonia"]
[BlackTeam "Latvia"]
[WhiteFideId "4500989"]
[BlackFideId "11602945"]
[EventDate "2021.09.02"]
[EventType "team"]

1. d4 Nf6 2. c4 e6 3. Nc3 Bb4 4. e3 b6 5. Ne2 Ne4 6. Qc2 Bb7 7. a3 Bxc3+ 8. Nxc3
Nxc3 9. Qxc3 d6 10. d5 O-O 11. e4 Re8 12. Be3 Nd7 13. Be2 Qh4 14. Bf3 Nf6 15. g3
Qh3 16. O-O-O Ng4 17. Bd4 e5 18. Be3 Bc8 19. Be2 f5 20. Bxg4 fxg4 21. Qc2 Bd7
22. b4 a5 23. b5 Rf8 24. Kb2 Be8 25. Rde1 Bg6 26. Reg1 Rf3 27. a4 Raf8 28. Ka1
h6 29. Kb2 Bh7 30. Kc3 Qh5 31. Re1 Qg6 32. h3 Qxe4 33. Qxe4 Bxe4 34. Rh2 gxh3
35. Rxh3 R3f6 36. Rh4 Bf3 37. Kd2 g5 38. Rh2 Kg7 39. Rg1 Bg4 40. Ke1 Kg6 41.
Rgh1 h5 42. Rg1 Bf3 43. Kd2 Kf5 44. Kd3 Rh8 45. Rh3 Rg6 46. Rh2 h4 47. Rh3 Rh5
48. Bd2 Kg4 49. Rh2 h3 50. Be3 Rh7 51. Re1 Rf7 52. Rg1 Rgf6 53. Kd2 Rf5 54. Rc1
Bg2 55. Ke2 Rf3 56. Rc3 R7f5 57. Rc1 Rxe3+ 58. Kxe3 Rf3+ 59. Ke2 Ra3 60. Rc2
Rxa4 61. Ke3 Ra3+ 62. Ke2 Rb3 63. Ke1 a4 0-1

[Event "Online Olym Div2 B 2021"]
[Site "chess.com INT"]
[Date "2021.09.02"]
[Round "1.2"]
[Board "3"]
[White "Rogule, Laura"]
[Black "Sinitsina, Anastassia"]
[Result "1-0"]
[WhiteTitle "WGM"]
[BlackTitle "WFM"]
[WhiteElo "2286"]
[BlackElo "2115"]
[WhiteTeam "Latvia"]
[BlackTeam "Estonia"]
[WhiteFideId "11601876"]
[BlackFideId "4504640"]
[EventDate "2021.09.02"]
[EventType "team"]

1. d4 Nf6 2. c4 g6 3. Nf3 Bg7 4. g3 O-O 5. Bg2 d6 6. O-O Nbd7 7. Nc3 e5 8. e4 a5
9. h3 exd4 10. Nxd4 Nc5 11. Be3 Re8 12. Qc2 c6 13. Rfe1 Qc7 14. Rad1 Nfd7 15. f4
Nf8 16. Ndb5 cxb5 17. Nxb5 Qe7 18. Nxd6 Na6 19. e5 Ne6 20. Bb6 Rf8 21. a3 Nac5
22. b4 axb4 23. axb4 Nd7 24. Bf2 Nb8 25. b5 Nd7 26. c5 Ra3 27. h4 Nb8 28. c6
bxc6 29. bxc6 Na6 30. Ra1 Rxa1 31. Rxa1 Nec7 32. Ra5 Bg4 33. Qd3 Ra8 34. Bb6 h5
35. Qa3 Rb8 36. Rxa6 Nxa6 37. Qxa6 Bxe5 38. fxe5 Qxe5 39. c7 Rf8 40. c8=Q Bxc8
41. Nxc8 Qxg3 42. Bf2 Qc7 43. Nb6 Qc1+ 44. Kh2 Qd2 45. Bg3 Re8 46. Nd5 Re6 47.
Qc8+ Kg7 48. Nf4 Rf6 49. Qc7 Ra6 50. Nd5 Ra8 51. Be5+ Kg8 52. Nf6+ Kf8 53. Qc5+
Kg7 54. Ne4+ 1-0

[Event "Online Olym Div2 B 2021"]
[Site "chess.com INT"]
[Date "2021.09.02"]
[Round "1.2"]
[Board "4"]
[White "Viikmaa, Karmen"]
[Black "Vidruska, Renate"]
[Result "0-1"]
[BlackTitle "WFM"]
[WhiteElo "1720"]
[BlackElo "2000"]
[WhiteTeam "Estonia"]
[BlackTeam "Latvia"]
[WhiteFideId "4502620"]
[BlackFideId "11601841"]
[EventDate "2021.09.02"]
[EventType "team"]

1. Nf3 Nf6 2. g3 b5 3. Bg2 Bb7 4. O-O e6 5. d3 c5 6. e4 d6 7. c3 Nbd7 8. Re1 Be7
9. Nbd2 O-O 10. Nf1 h6 11. Qc2 a5 12. h3 Nb6 13. Bd2 d5 14. Rad1 c4 15. e5 cxd3
16. Qxd3 Ne4 17. Qxb5 Ba6 18. Qb3 a4 19. Qc2 Qc7 20. Bc1 Rfc8 21. Ne3 Bc5 22. a3
Bc4 23. Nxc4 Bxf2+ 24. Kh1 Nxc4 25. Rxe4 dxe4 26. Qxf2 exf3 27. Bxf3 Rab8 28.
Bh5 Rd8 29. Re1 Rd7 30. Qf4 Nxb2 31. Qg4 Qc6+ 32. Kh2 Qc4 33. Re4 Qf1 34. Bxh6
Qf2+ 35. Kh1 Rd1+ 36. Qxd1 Nxd1 37. Bxd1 Qf1+ 0-1

[Event "Online Olym Div2 B 2021"]
[Site "chess.com INT"]
[Date "2021.09.02"]
[Round "1.2"]
[Board "5"]
[White "Golubovskis, Maksims"]
[Black "Rychagov, Nikita"]
[Result "0-1"]
[WhiteTitle "FM"]
[WhiteElo "2210"]
[BlackElo "1985"]
[WhiteTeam "Latvia"]
[BlackTeam "Estonia"]
[WhiteFideId "11608528"]
[BlackFideId "4508394"]
[EventDate "2021.09.02"]
[EventType "team"]

1. Nf3 d5 2. c4 d4 3. e3 c5 4. b4 dxe3 5. fxe3 cxb4 6. d4 Nf6 7. Bd3 g6 8. Bb2
Bg7 9. O-O O-O 10. e4 e5 11. Nxe5 Ng4 12. Qe2 Nxe5 13. dxe5 Nc6 14. Nd2 Nxe5 15.
Bc2 Be6 16. Rac1 Qb6+ 17. Kh1 Rac8 18. Bb1 Rfd8 19. a3 bxa3 20. Bxa3 Qa5 21. Rc2
Qxa3 22. Ra2 Qc5 23. Rb2 b6 24. Rb5 Qd4 25. Rd5 Bxd5 26. exd5 Nxc4 27. Nxc4 Qxc4
28. Qf2 Rc7 29. Ba2 Qd4 30. Qf3 Rd6 31. Re1 Be5 32. Rf1 Rf6 0-1

[Event "Online Olym Div2 B 2021"]
[Site "chess.com INT"]
[Date "2021.09.02"]
[Round "1.2"]
[Board "6"]
[White "Blokhin, Sofia"]
[Black "Ter-Avetisjana, Agnesa Stepania"]
[Result "1-0"]
[WhiteElo "2022"]
[BlackElo "1872"]
[WhiteTeam "Estonia"]
[BlackTeam "Latvia"]
[WhiteFideId "4508190"]
[BlackFideId "11614900"]
[EventDate "2021.09.02"]
[EventType "team"]

1. e4 c6 2. Nf3 d5 3. Nc3 Bg4 4. d4 e6 5. Bd3 Nf6 6. O-O Be7 7. Be3 dxe4 8. Nxe4
Nxe4 9. Bxe4 Nd7 10. c4 Nf6 11. Bd3 O-O 12. h3 Bh5 13. Qc2 Bxf3 14. gxf3 g6 15.
Kh1 Nh5 16. c5 Kh8 17. Rg1 f5 18. Bc4 f4 19. Bd2 Bf6 20. Bc3 Qd7 21. Rg4 Rae8
22. Re1 b5 23. Bd3 g5 24. a3 Re7 25. Be4 Rg7 26. Kh2 Rd8 27. Rd1 Qc7 28. Qd2 Rf8
29. b3 h6 30. a4 a6 31. axb5 axb5 32. Ra1 Qb7 33. b4 Rd7 34. Qb2 Ng7 35. Rag1
Nf5 36. Bxf5 exf5 37. R4g2 Rd5 38. h4 Qf7 39. Ra1 Qh5 40. Kg1 Qxf3 41. hxg5 Bxg5
42. Qc2 Qe4 43. Qd1 Qe8 44. Ra7 Rf7 45. Qh5 Kg8 46. Qxh6 Rdd7 47. Rxg5+ Rg7 48.
Rxg7+ Rxg7+ 49. Qxg7# 1-0

[Event "Online Olym Div2 B 2021"]
[Site "chess.com INT"]
[Date "2021.09.02"]
[Round "1.3"]
[Board "1"]
[White "Bologan, Victor"]
[Black "Moroni, Luca Jr"]
[Result "1-0"]
[WhiteTitle "GM"]
[BlackTitle "GM"]
[WhiteElo "2574"]
[BlackElo "2566"]
[WhiteTeam "Moldova"]
[BlackTeam "Italy"]
[WhiteFideId "13900048"]
[BlackFideId "865834"]
[EventDate "2021.09.02"]
[EventType "team"]

1. e4 e5 2. Nf3 Nc6 3. Bc4 Bc5 4. c3 Nf6 5. d3 d6 6. O-O a6 7. a4 Ba7 8. a5 h6
9. Be3 O-O 10. Nbd2 Be6 11. Bxe6 fxe6 12. Qb3 Qd7 13. h3 Rab8 14. d4 exd4 15.
cxd4 d5 16. e5 Ne4 17. Qa4 Nxd2 18. Nxd2 Qe7 19. Rac1 Qe8 20. Nb3 Rc8 21. Kh2
Qd7 22. Ra1 Qe7 23. Bd2 Qh4 24. f4 Qh5 25. Rf3 Qg6 26. Rc1 Qe8 27. Ra1 Kh8 28.
Bb4 Rf7 29. Bc5 Bxc5 30. Nxc5 b6 31. Nb3 Nxa5 32. Nxa5 bxa5 33. Qxe8+ Rxe8 34.
Rxa5 Ra8 35. g4 Rff8 36. f5 Rfb8 37. fxe6 Rxb2+ 38. Kg3 Re8 39. Rxa6 Rd2 40. Rf4
g5 41. Rf7 Rxd4 42. e7 Kg8 43. Raf6 Rd3+ 44. Kf2 1-0

[Event "Online Olym Div2 B 2021"]
[Site "chess.com INT"]
[Date "2021.09.02"]
[Round "1.3"]
[Board "2"]
[White "Lodici, Lorenzo"]
[Black "Macovei, Andrei"]
[Result "1-0"]
[WhiteTitle "IM"]
[BlackTitle "IM"]
[WhiteElo "2507"]
[BlackElo "2453"]
[WhiteTeam "Italy"]
[BlackTeam "Moldova"]
[WhiteFideId "884189"]
[BlackFideId "13904680"]
[EventDate "2021.09.02"]
[EventType "team"]

1. d4 Nf6 2. c4 e6 3. Nc3 Bb4 4. f3 c5 5. d5 O-O 6. e4 b5 7. e5 Ne8 8. f4 exd5
9. cxd5 d6 10. Nf3 c4 11. a4 Nd7 12. Bd2 Nc7 13. Nxb5 Bxd2+ 14. Qxd2 Nxb5 15.
axb5 dxe5 16. Bxc4 Nb6 17. Nxe5 Nxc4 18. Nxc4 Re8+ 19. Kf2 Bd7 20. Rhe1 Qh4+ 21.
Kg1 Rxe1+ 22. Rxe1 Bxb5 23. Ne5 Rd8 24. Nc6 Bxc6 25. dxc6 h6 26. Qe3 Rc8 27.
Qe8+ Kh7 28. Qe4+ g6 29. Rc1 Qf6 30. Rc2 Qd6 31. Kf2 Rc7 32. g3 h5 33. Kg2 Re7
34. Qc4 Rc7 35. Qc3 Qd5+ 36. Qf3 Qd6 37. f5 Qe5 38. fxg6+ fxg6 39. b4 a6 40. Rd2
Qe6 41. Rc2 Qe5 42. h3 Qd6 43. Qe4 Re7 44. Qf4 Qd3 45. Rf2 Qd5+ 46. Qf3 Qc4 47.
Rd2 Rc7 48. Rd7+ Rxd7 49. cxd7 Qd4 50. Qf7+ Kh6 51. Qf8+ 1-0

[Event "Online Olym Div2 B 2021"]
[Site "chess.com INT"]
[Date "2021.09.02"]
[Round "1.3"]
[Board "3"]
[White "Gitu, Paula-Alexandra"]
[Black "Brunello, Marina"]
[Result "1/2-1/2"]
[WhiteTitle "WFM"]
[BlackTitle "IM"]
[WhiteElo "2113"]
[BlackElo "2354"]
[WhiteTeam "Moldova"]
[BlackTeam "Italy"]
[WhiteFideId "13904620"]
[BlackFideId "822590"]
[EventDate "2021.09.02"]
[EventType "team"]

1. e4 c5 2. Nc3 a6 3. g3 b5 4. Bg2 Bb7 5. d3 e6 6. f4 b4 7. Nb1 d5 8. e5 Ne7 9.
c3 a5 10. Nf3 Nf5 11. O-O h5 12. Re1 Qb6 13. Nbd2 Be7 14. Nf1 a4 15. a3 b3 16.
Ne3 g6 17. Qe2 Ba6 18. Qd1 Nc6 19. Nxf5 gxf5 20. h3 O-O-O 21. Kh2 Rdg8 22. h4
Rg7 23. Ng5 d4 24. c4 Bb7 25. Bf3 Bxg5 26. fxg5 Rgh7 27. Bf4 Ne7 28. Qe2 Ng6 29.
Qg2 Bxf3 30. Qxf3 Kd7 31. Rad1 Qc6 32. Kg2 Rg8 33. Qxc6+ Kxc6 34. Kf3 Rhh8 35.
Re2 Ne7 36. Rde1 Ng6 37. Rd1 Ne7 1/2-1/2

[Event "Online Olym Div2 B 2021"]
[Site "chess.com INT"]
[Date "2021.09.02"]
[Round "1.3"]
[Board "4"]
[White "Sedina, Elena"]
[Black "Verbin, Valentina"]
[Result "1-0"]
[WhiteTitle "IM"]
[WhiteElo "2259"]
[BlackElo "2039"]
[WhiteTeam "Italy"]
[BlackTeam "Moldova"]
[WhiteFideId "812153"]
[BlackFideId "13905910"]
[EventDate "2021.09.02"]
[EventType "team"]

1. e4 e5 2. Nf3 Nc6 3. Bc4 Bc5 4. O-O Nf6 5. d3 d6 6. c3 a6 7. a4 O-O 8. Nbd2
Ba7 9. h3 h6 10. Re1 Be6 11. Bxe6 fxe6 12. b4 Nh5 13. Nf1 Qf6 14. Be3 Nf4 15.
Bxa7 Rxa7 16. Re3 d5 17. b5 d4 18. cxd4 exd4 19. e5 Nxh3+ 20. gxh3 Qg6+ 21. Ng3
dxe3 22. bxc6 h5 23. h4 Qg4 24. Kg2 exf2 25. Kxf2 Rxf3+ 26. Qxf3 Qd4+ 27. Qe3
Qb2+ 28. Ne2 Ra8 29. Rf1 bxc6 30. Kg3 Qb4 31. Qf4 Qe7 32. Qg5 Qd7 33. d4 Rb8 34.
Qxh5 Rb3+ 35. Rf3 Rb2 36. Nf4 Qxd4 37. Qe8+ Kh7 38. Qg6+ Kh8 39. Qxg7+ Kxg7 40.
Nxe6+ Kg6 41. Nxd4 Rb4 42. Nxc6 Rxa4 43. Rf4 Ra3+ 44. Kg4 Rc3 45. h5+ Kg7 46.
Nd4 Rc1 47. Nf5+ Kh7 48. Kg5 Rg1+ 49. Kf6 Rh1 50. h6 Re1 51. e6 a5 52. e7 1-0

[Event "Online Olym Div2 B 2021"]
[Site "chess.com INT"]
[Date "2021.09.02"]
[Round "1.3"]
[Board "5"]
[White "Ceres, Dragos"]
[Black "Sonis, Francesco"]
[Result "0-1"]
[WhiteTitle "FM"]
[BlackTitle "IM"]
[WhiteElo "2372"]
[BlackElo "2523"]
[WhiteTeam "Moldova"]
[BlackTeam "Italy"]
[WhiteFideId "13905864"]
[BlackFideId "895733"]
[EventDate "2021.09.02"]
[EventType "team"]

1. e4 e5 2. Nf3 Nc6 3. Bc4 Bc5 4. c3 Nf6 5. d3 a6 6. O-O Ba7 7. Bb3 O-O 8. h3 d6
9. Re1 Be6 10. Nbd2 Re8 11. Nf1 h6 12. Bc2 d5 13. exd5 Nxd5 14. Ng3 Qd6 15. Nh4
Qe7 16. Nhf5 Qf6 17. Qf3 Rad8 18. d4 Bxf5 19. Nxf5 Kf8 20. Bd2 Nde7 21. dxe5
Nxe5 22. Rxe5 Qxe5 23. Bf4 Qf6 24. Qxb7 Bb6 25. Qf3 Nxf5 26. Bxf5 Kg8 27. Bg3 g6
28. Be4 Qxf3 29. Bxf3 Rd2 30. b4 a5 31. bxa5 Bxa5 32. c4 Bb6 33. Rc1 Rxa2 34. c5
Ba5 35. c6 Bb6 36. Rd1 Re7 37. h4 h5 38. Rb1 Kg7 39. Rxb6 cxb6 40. c7 Rc2 41.
Bb7 Rcxc7 0-1

[Event "Online Olym Div2 B 2021"]
[Site "chess.com INT"]
[Date "2021.09.02"]
[Round "1.3"]
[Board "6"]
[White "Grimaldi, Angela Flavia"]
[Black "Mihailova, Alina"]
[Result "1/2-1/2"]
[WhiteTitle "WFM"]
[WhiteElo "2078"]
[BlackElo "1884"]
[WhiteTeam "Italy"]
[BlackTeam "Moldova"]
[WhiteFideId "2805214"]
[BlackFideId "13907018"]
[EventDate "2021.09.02"]
[EventType "team"]

1. e4 c5 2. Nf3 e6 3. g3 Nf6 4. Qe2 Nc6 5. Bg2 Be7 6. O-O O-O 7. c3 d5 8. e5 Nd7
9. d4 Rb8 10. Be3 b5 11. a3 a5 12. Nbd2 b4 13. axb4 axb4 14. Rfb1 c4 15. h4 Nb6
16. Bg5 Bd7 17. Bxe7 Qxe7 18. Ng5 h6 19. Nh3 Ra8 20. Nf4 Na4 21. Qe3 Ra7 22. Ne2
Rb8 23. f4 Rba8 24. Kh2 Nb6 25. Qg1 Qd8 26. Bh3 Rxa1 27. Rxa1 Rxa1 28. Qxa1 Qa8
29. Qxa8+ Nxa8 30. g4 Nb6 31. cxb4 Nxb4 32. b3 Nc2 33. bxc4 dxc4 34. f5 Ne3 35.
fxe6 Bxe6 36. g5 Ned5 37. gxh6 gxh6 38. Kg3 c3 39. Ne4 c2 40. Bxe6 fxe6 41. Kf2
Nc4 42. Ke1 Kf7 43. Nf2 Nb4 44. Nc1 Kg6 45. Ne4 Kh5 46. Nc5 Kxh4 47. Nxe6 Kg4
48. Nc7 Kf5 49. e6 Kf6 50. d5 h5 51. Kf2 Ke7 52. Nb5 Ne5 53. Ke2 Nxd5 54. Nd4
Nb4 55. Kd2 Kd6 56. Nxc2 Nf3+ 57. Ke3 Nxc2+ 58. Kxf3 Kxe6 59. Nd3 1/2-1/2

[Event "Online Olym Div2 B 2021"]
[Site "chess.com INT"]
[Date "2021.09.02"]
[Round "1.4"]
[Board "1"]
[White "Blackburn, Jonathan L B"]
[Black "Lim, Zhuo Ren"]
[Result "0-1"]
[WhiteTitle "FM"]
[BlackTitle "FM"]
[WhiteElo "2232"]
[BlackElo "2311"]
[WhiteTeam "Wales"]
[BlackTeam "Malaysia"]
[WhiteFideId "1801090"]
[BlackFideId "5702488"]
[EventDate "2021.09.02"]
[EventType "team"]

1. d4 Nf6 2. c4 e6 3. Nc3 c5 4. d5 exd5 5. cxd5 d6 6. Nf3 g6 7. Bf4 a6 8. h3 Bg7
9. e3 O-O 10. a4 Qe7 11. Nd2 Nh5 12. Bh2 f5 13. Be2 f4 14. e4 Nd7 15. Bxh5 gxh5
16. Qxh5 Ne5 17. Qe2 Qg5 18. O-O-O b5 19. a5 b4 20. Na4 Bd7 21. Nb6 Bb5 22. Nf3
Qxg2 23. Nh4 Qxh1 24. Rxh1 Bxe2 25. Nxa8 Rxa8 26. Nf5 Bf8 27. Kd2 Bf3 28. Rg1+
Kf7 29. Re1 Bh5 30. Kc2 Nf3 0-1

[Event "Online Olym Div2 B 2021"]
[Site "chess.com INT"]
[Date "2021.09.02"]
[Round "1.4"]
[Board "2"]
[White "Subramaniam, Sumant"]
[Black "Toczek, Grzegorz"]
[Result "1/2-1/2"]
[WhiteTitle "FM"]
[BlackTitle "FM"]
[WhiteElo "2152"]
[BlackElo "2271"]
[WhiteTeam "Malaysia"]
[BlackTeam "Wales"]
[WhiteFideId "5702720"]
[BlackFideId "1106457"]
[EventDate "2021.09.02"]
[EventType "team"]

1. Nf3 c5 2. g3 g6 3. Bg2 Bg7 4. O-O Nc6 5. c4 d6 6. Nc3 e5 7. d3 Nge7 8. Rb1
O-O 9. a3 a5 10. Bd2 Rb8 11. Qc1 Nd4 12. b4 Nxf3+ 13. Bxf3 Bh3 14. Re1 axb4 15.
axb4 b6 16. Bg5 f6 17. Bd2 Qd7 1/2-1/2